小浜駅から乗り換えなしで行ける駅 - Statistics

General Stats
  • This quiz has been taken 11 times
  • The average score is 14 of 23
Answer Stats
Answer % Correct
敦賀
100%
東舞鶴
90%
美浜
80%
西敦賀
70%
気山
60%
三方
60%
東小浜
60%
勢浜
60%
加斗
60%
若狭高浜
60%
青郷
60%
松尾寺
60%
粟野
50%
東美浜
50%
藤井
50%
十村
50%
大鳥羽
50%
若狭有田
50%
上中
50%
新平野
50%
若狭本郷
50%
若狭和田
50%
三松
50%
No matching quizzes found
Score Distribution
Percent of People with Each Score
Percentile by Number Answered
Your Score History
You have not taken this quiz